000 01009nam a22002177a 4500
005 20141111103409.0
008 141111b ck ||||| 2010 00| 0 spa d
041 _aspa
044 _ack
090 _aEA
_b00143
100 1 _aHoyos-Gómez, Carlos Arturo
_928545
245 1 _aSostenibilidad Ambiental de Actividades Productivas Sectoriales de Alto Impacto
_bTransferencia de tecnologías y promoción de prácticas sostenibles en el sector porcícola
_cCarlos Arturo, Hoyos-Gómez...(et al.)
260 _aValle del Cauca :
_bCorporación Autónoma Regional del Valle del Cauca-CVC,
_c2010.
300 _a26 pag.
_bFot (col.), graf., tab.
_c27 cm.
504 _aIncluye referencia bibliográfica (pag 26)
650 _aSostenibilidad Ambiental
_xGranjas Porcinas
_928546
650 _vImpacto Ambiental
_xPlanes de Manejo Ambiental
_928547
650 _aGestión Industrial
_xImplementación de Sistemas de Tratamiento
_928548
700 _aMonroy-Salamanca, Elmer Andrés
_928549
942 _2z
_cLIBRO
999 _c8780
_d8780